Las cruzadas / (Registro nro. 4680)

Detalles MARC
000 -LEADER
fixed length control field 01045nam a2200265Ia 4500
003 - CONTROL NUMBER IDENTIFIER
control field OSt
005 - DATE AND TIME OF LATEST TRANSACTION
control field 20201002151500.0
008 - FIXED-LENGTH DATA ELEMENTS--GENERAL INFORMATION
fixed length control field 191128s1994 ck ab fr 001 0 spa d
020 ## - INTERNATIONAL STANDARD BOOK NUMBER
International Standard Book Number 9586332926
040 ## - CATALOGING SOURCE
Original cataloging agency CO-JMCR
Transcribing agency CO-JMCR
041 0# - LANGUAGE CODE
Language code of text/sound track or separate title spa
082 04 - DEWEY DECIMAL CLASSIFICATION NUMBER
Classification number 940.18 /
Item number L881c
Edition number 23
100 1# - MAIN ENTRY--PERSONAL NAME
Personal name Loste, María Antonia,
Relator term autora
9 (RLIN) 11154
245 14 - TITLE STATEMENT
Title Las cruzadas /
Statement of responsibility, etc. María Antonia Loste
250 ## - EDITION STATEMENT
Edition statement 1a edición
260 ## - PUBLICATION, DISTRIBUTION, ETC.
Place of publication, distribution, etc. Bogotá :
Name of publisher, distributor, etc. Rei Andes,
Date of publication, distribution, etc. 1994
300 ## - PHYSICAL DESCRIPTION
Extent 96 páginas :
Other physical details ilustraciones y mapas a blanco y negro ;
Dimensions 20 cm.
490 0# - SERIES STATEMENT
Series statement Biblioteca básica de historia. Monografías
500 ## - GENERAL NOTE
General note Incluye índice alfabético y glosario
504 ## - BIBLIOGRAPHY, ETC. NOTE
Bibliography, etc. note Bibliografía : páginas 96
505 0# - FORMATTED CONTENTS NOTE
Formatted contents note Las cruzadas, una historia de doscientos años -- El santo sepulcro en peligro -- La larga marcha hacia Jerusalén -- El reino de Jerusalén -- Asedios y combates -- Los caballeros de Cristo -- La contra cruzada del Islam
650 14 - SUBJECT ADDED ENTRY--TOPICAL TERM
Topical term or geographic name entry element Cruzadas
General subdivision historia
9 (RLIN) 11155
651 #4 - SUBJECT ADDED ENTRY--GEOGRAPHIC NAME
Geographic name Jerusalén
General subdivision historia
9 (RLIN) 11156
942 ## - ADDED ENTRY ELEMENTS (KOHA)
Source of classification or shelving scheme Dewey Decimal Classification
Koha item type Books
Existencias
Withdrawn status Lost status Source of classification or shelving scheme Damaged status Not for loan Collection code Home library Current library Date acquired Source of acquisition Full call number Barcode Date last seen Copy number Koha item type
    Dewey Decimal Classification     Non-fiction Biblioteca Pública José María del Castillo y Rada Biblioteca Pública José María del Castillo y Rada 04/15/2018 Donación 940.18 / L881c 201809691 05/16/2024 Ej.1 Books